• 首页
  • 本馆介绍
  • 公告通知
  • 最新文献
  • 馆藏检索
  • 电子资源
  • 读者导购
  • 参考咨询
  • 我的图书馆
  • 登录
  • 详细信息显示
  • 放入我的书架
  • 预约/预借图书
  • 作者相关作品
  • 分类相关作品
  • 丛书相关作品
  • 出版社相关作品

书目信息

  • 表格格式
  • 工作单格式
  • 卡片格式
题名:
稀土元素分析化学
    
 
作者: ;武汉大学化学系 编
分册: 上册  
出版信息: 北京   科学出版社  1981.10
页数: 499页
开本: 21cm
丛书名:
单 册:
中图分类: O656.22
科图分类:
主题词: 稀土族-分析化学 , 分析化学-稀土族 , 分析化学 , 分析(化学)
电子资源:
ISBN:
000 00769nam0 2200265 45
001 0181005416
005 20061119151709.73
010    @dCNY3.50
091    @a13031.2188
100    @a19950420d1981 em y0chiy0121 ea
101 0  @achi
102    @aCN@b110000
105    @ay z 000yy
200 10 @a稀土元素分析化学@h上册@Axi tu yuan su fen xi hua xue@f武汉大学化学系等编著@Fwu han da xue hua xue xi deng bian zhu
210    @a北京@c科学出版社@d1981.10
215    @a499页@d21cm
606    @a稀土族-分析化学
606    @a分析化学-稀土族
606 0  @a分析化学
606 0  @a分析(化学)
690    @aO656.22@v3
711 02 @a武汉大学化学系@Awu han da xue hua xue xi@4编
801  0 @aCN@b上海图书馆@c20061119
801  2 @aCN@bNLC@c20060511
905    @dO656.22@e4
    
    稀土元素分析化学.上册/武汉大学化学系等编著.-北京:科学出版社,1981.10
    499页;21cm
    
    
    ISBN :CNY3.50
    
●
相关链接 在E读中查询图书 在五车中查询图书 在当当中查询图书 在豆瓣中查询图书


正题名:稀土元素分析化学     索取号:O656.22/4         预约/预借

序号 登录号 条形码 馆藏地/架位号 状态 备注
1 0054670   000628949   第二样本阅览室/ [索取号:O656.22/4] 在馆    
唐山师范学院图书馆 欢迎您!
大连网信软件有限公司© 版权所有